00846 2200289 4500001002100000005001500021035002500036008004100061020002200102040001700124082001200141084001400153100002800167245010500195260003100300300003000331650002000361700002500381850001200406090001800418090002200436007000300458504003300461999002200494990002200516990001800538INLIS00000000001694320200527111058 a0010-021600000000031160201s2015 yoi g ind d a978-602-258-330-1 aYOPDYOGbind04222a811 a811 SUM p0 aSuminto A. Sayutid195600aPuisi :bsebuah pengantar apresiasi /cpenulis, Suminto A. Sayuti ; penyunting, Kartika N. Nugrahini3 aYogyakarta :bOmbak,c2015 axiv, 281 halaman ;c23 cm 4aPuisi Indonesia0 aKartika N. Nugrahini aYOPDYOG aDEP 811 SUM p aCB-D.11 2015-1122ta aBibliografi: halaman 277-280 aCB-D.11/2015-1122 aCB-D.11/2015-1122 a58933-PD/A.18